Journal of college and character

Special focus of this journal is character development in college ... how colleges and universities influence, both intentionally and unintentionally, the moral and civic learning and behaviors of college students.

Detalles Bibliográficos
Autores Corporativos: National Association of Student Personnel Administrators (U.S.), Florida State University. Center for the Study of Values in College Student Development
Formato: Electrónico Revista
Lenguaje:inglés
Publicado: Tallahassee, Fla. : Center for the Study of Values in College Student Development, Florida State University, 2000-
Materias:
Acceso en línea:Full text available from Research Library: 01/01/2013 to 10/31/2016

MARC

LEADER 00000nas a2200000 a 4500
001 ssj0000327995
003 WaSeSS
005 20200512172242.0
006 m d
007 cr n
008 001128c20009999dcu x pss 0 a0eng d
010 |a  2007216083 
015 |a GBB5H9429  |2 bnb 
016 7 |a 2541024 6  |2 DE-600 
016 7 |a 016648793  |2 Uk 
022 |a 1940-1639  |l 1940-1639  |y 2194-587X 
035 |a (WaSeSS)ssj0000327995 
037 |b NASPA, 1875 Connecticut Ave., Suite 418, Washington, DC 20009 
040 |a VA@  |b eng  |c VA@  |d OCLCQ  |d DLC  |d BUF  |d OCLCQ  |d VRC  |d DLC  |d OCLCQ  |d OCLCO  |d OCLCQ  |d OCLCF  |d OCLCO  |d OCLCQ  |d CUS  |d DLC  |d OCLCQ  |d ILACE  |d NLE  |d AU@  |d UKMGB  |d WaSeSS 
042 |a lccopycat  |a nsdp 
043 |a n-us--- 
050 0 0 |a LC191.94 
050 4 |a LB2343  |b .J68 
082 1 0 |a 378  |2 14 
222 0 |a Journal of college and character 
245 0 0 |a Journal of college and character  |h [electronic resource]. 
246 1 3 |a JCC 
260 |a Tallahassee, Fla. :  |b Center for the Study of Values in College Student Development, Florida State University,  |c 2000- 
310 |a Irregular 
362 0 |a Vol. 1 (2000)- 
500 |a Title from journal home page (as displayed Nov. 28, 2000). 
500 |a Sections include: Featured journal articles, Students' reflections on moral conflicts on campus, Presidents' public diaries, What they're reading, New scholars and scholarships, and Ethical issues on campus. 
500 |a Published in Washington, DC by: National Association of Student Personnel Administrators, <2007-> 
506 |a License restrictions may limit access. 
515 |a Featured articles began Apr. 22, 2000. Articles listed separately. 
520 |a Special focus of this journal is character development in college ... how colleges and universities influence, both intentionally and unintentionally, the moral and civic learning and behaviors of college students. 
538 |a Mode of access: World Wide Web. 
588 |a Latest issue consulted: Vol. 9, no. 1 (Sept. 2007) (College Values website, viewed Sept. 25, 2007). 
650 0 |a Education, Higher  |x Social aspects  |z United States  |v Periodicals. 
650 0 |a Education, Higher  |x Aims and objectives  |z United States  |v Periodicals. 
650 7 |a Education, Higher  |x Aims and objectives.  |2 fast  |0 (OCoLC)fst00903015 
650 7 |a Education, Higher  |x Social aspects.  |2 fast  |0 (OCoLC)fst00903107 
651 7 |a United States.  |2 fast  |0 (OCoLC)fst01204155 
655 0 |a Electronic journals. 
710 2 |a National Association of Student Personnel Administrators (U.S.) 
710 2 |a Florida State University.  |b Center for the Study of Values in College Student Development. 
776 0 8 |i Print version:  |t Journal of college & character  |x 2194-587X  |w (DLC) 2017208156  |w (OCoLC)973418856 
850 |a DLC 
856 4 0 |z Full text available from Research Library: 01/01/2013 to 10/31/2016  |u https://search.proquest.com/publication/2031334